000 01308nam a2200241Ia 4500
003 Ost
005 20260507075601.0
008 260507s9999||||xx |||||||||||||| ||und||
040 _cfsecg
041 _aara
082 _a300
100 _aالطائي، يوسف حجيم
_eمؤلف
245 0 _aادارة الموارد البشرية :
_bمدخل استراتيجي متكامل /
_c يوسف حجيم الطائي
260 _aعمان:
_bدار الوراق للنشر والتوزيع,
_c2006
300 _a663 صفحة؛
_bإيضاحات ؛
_c24 سم
520 _aابعاد وظيفة ادارة الموارد البشرية, تخطيط الموارد البشرية و كذا التوظيف في المنشآت و تنمية الموارد البشرية, تعويض الموارد البشرية, صيانة الموارد البشرية و المحافظة عليها, ادارة علاقات الموظفين و اخير قضايا خاصة في ادارة المولرد البشرية.
653 _aادارة الاعمال
653 _aادارةالافراد
653 _aالموارد البشرية
700 _aالعبادي، هاشم فوزي
_eمؤلف ثانوي
700 _aالفضل، مؤيد عبد الحسين
_eمؤلف ثانوي
942 _cكتاب
999 _c45009
_d45009